| 000 | 00000nam##2200000za#4500 |
| 001 | 9.663569 |
| 003 | CaOODSP |
| 005 | 20210615121113 |
| 007 | ta |
| 008 | 150407|2002||||xxc||||| f|0| 0 eng|d |
| 020 | |a0-662-66411-6 |
| 040 | |aCaOODSP|beng |
| 041 | |aeng |
| 041 | |afre |
| 043 | |an-cn--- |
| 086 | 1 |aSC94-91/2002 |
| 110 | 1 |aCanada.|bCanadian Centre for Management Development. |
| 245 | 10|aCreating common purpose : |bthe integration of science and policy in Canada's public service / |cby L. Sarah Wren. |
| 260 | |aOttawa - Ontario : |bCanadian Centre for Management Development |c2002. |
| 300 | |ax, 29p. : |breferences ; |c28 cm. |
| 563 | |aSoftcover |
| 590 | |a02-31|b2002-08-02 |
| 690 | 07|aFederal government|2gcpds |
| 690 | 07|aIntegration|2gcpds |
| 690 | 07|aPolicy|2gcpds |
| 690 | 07|aPublic service|2gcpds |
| 690 | 07|aSciences|2gcpds |
| 720 | 1 |aWren, L. Sarah |
| 776 | 0#|tSe donner un but commun : |w(CaOODSP)9.630757 |
| 776 | 0#|tCreating common purpose : |w(CaOODSP)9.686280 |
| 792 | |tSe donner un but commun : |efre|w(CaOODSP)9.663570 |